00402nam a2200121Ia 4500008004100000082002200041100003800063245008500101250001000186260002100196300001100217650005200228120622s9999 xx 000 0 und d a576.82 D228o 1964 aDarwin, Charles Robert, 1809-1882 aEl origen del hombre y la selección en relación al sexo / por Charles Darwin a7a ed aMéxico : Diana a797 p. a1. EVOLUCION HUMANA \ 2. SELECCIÓN NATURALÌ